[Event "7. Lichtenberger Sommer"]
[Site "Berlin"]
[Date "2008.08.20"]
[Round "5.53"]
[White "Windolf, Mario"]
[Black "Kleine, Peter"]
[Result "1/2-1/2"]
[WhiteElo "1839"]
[BlackElo "1903"]
[PlyCount "41"]
[EventDate "2008.??.??"]
[WhiteTeam "1. Schachclub Anhalt"]
[BlackTeam "SV Berlin-Friedrichstadt"]

1. Nf3 d5 2. g3 g6 3. Bg2 Bg7 4. O-O e5 5. d3 Ne7 6. e4 dxe4 7. dxe4 Qxd1 8.
Rxd1 O-O 9. Nc3 Nbc6 10. Be3 a6 11. Nd5 Nxd5 12. exd5 Ne7 13. Bc5 Re8 14. Nh4
Nf5 15. Nxf5 Bxf5 16. c3 e4 17. Be3 Be5 18. h3 h5 19. Rd2 Red8 20. Rad1 b5 21.
Rc1 1/2-1/2

[Event "7. Lichtenberger Sommer"]
[Site "Berlin"]
[Date "2008.08.20"]
[Round "5.54"]
[White "Engelhardt, Erhard"]
[Black "Eberlein, Johann"]
[Result "0-1"]
[WhiteElo "1820"]
[BlackElo "1941"]
[PlyCount "110"]
[EventDate "2008.??.??"]
[WhiteTeam "SSV Rotation Berlin e.V."]
[BlackTeam "BSV 63 Chemie Weißensee"]

1. f4 d5 2. Nf3 Nf6 3. e3 Bg4 4. b3 e6 5. Bb2 Be7 6. Be2 Bxf3 7. Bxf3 Nbd7 8.
O-O O-O 9. d3 Nc5 10. Nd2 c6 11. Qe2 a5 12. a3 Ncd7 13. Rfd1 Qc7 14. Rac1 Rac8
15. c4 Qb6 16. Bxf6 Bxf6 17. d4 Be7 18. c5 Qc7 19. b4 axb4 20. axb4 Ra8 21. Ra1
f5 22. Qf1 g5 23. g3 b6 24. Nb3 bxc5 25. bxc5 Rfb8 26. Rxa8 Rxa8 27. Ra1 Rxa1
28. Qxa1 Qb7 29. Qa4 gxf4 30. gxf4 Bh4 31. Kf1 Nf6 32. Nd2 Qb2 33. Ke2 Qc1 34.
Qd1 Qb2 35. Qb3 Qc1 36. Qd1 Qa3 37. Qb3 Qa6+ 38. Qd3 Qa1 39. Qb1 Qa6+ 40. Qd3
Qa7 41. Qb3 Kg7 42. Qb6 Qa1 43. Qb1 Qa8 44. Qb6 Kg6 45. Qb1 Kh6 46. Qb6 Qg8 47.
Qb1 Qa8 48. Qb6 Ne4 49. Bxe4 fxe4 50. Nf1 Qa2+ 51. Nd2 Qa1 52. Qb1 Qa6+ 53. Kd1
Bf2 54. Qb3 Qa1+ 55. Ke2 Qe1# 0-1

[Event "7. Lichtenberger Sommer"]
[Site "Berlin"]
[Date "2008.08.20"]
[Round "5.55"]
[White "Baranowsky, Peter"]
[Black "Pews, Kristine"]
[Result "1-0"]
[WhiteElo "1836"]
[BlackElo "1757"]
[PlyCount "65"]
[EventDate "2008.??.??"]
[WhiteTeam "BA Tempelhof"]
[BlackTeam "USC Viadrina Frankfurt (Oder) e."]

1. d4 g6 2. e4 Bg7 3. Nc3 c6 4. Be3 d5 5. Qd2 Nf6 6. e5 Ne4 7. Nxe4 dxe4 8.
O-O-O O-O 9. Bh6 Be6 10. Kb1 b5 11. h4 Qd5 12. b3 a5 13. h5 Bf5 14. Be2 Qe6 15.
Bxg7 Kxg7 16. g4 Bxg4 17. hxg6 fxg6 18. Qh6+ Kf7 19. Nh3 Bxh3 20. Qxh7+ Ke8 21.
Rxh3 Qf7 22. d5 Qxh7 23. Rxh7 Rxf2 24. e6 Na6 25. dxc6 Nc7 26. Rd7 Nxe6 27.
Rdxe7+ Kf8 28. Rxe6 Rxe2 29. Rh8+ Kf7 30. Rxa8 Kxe6 31. c7 e3 32. c8=Q+ Ke5 33.
Qc3+ 1-0

[Event "7. Lichtenberger Sommer"]
[Site "Berlin"]
[Date "2008.08.20"]
[Round "5.56"]
[White "Penner, Markus"]
[Black "Grillich, Alexander"]
[Result "1/2-1/2"]
[WhiteElo "1423"]
[BlackElo "2032"]
[PlyCount "63"]
[EventDate "2008.??.??"]
[WhiteTeam "SK Zehlendorf e.V."]
[BlackTeam "SC Rochade e.V."]

1. e4 c5 2. Nf3 Nc6 3. d4 cxd4 4. Nxd4 e6 5. Be2 a6 6. O-O Qc7 7. Nc3 Nf6 8.
Be3 Be7 9. f4 d6 10. a4 Nxd4 11. Qxd4 e5 12. Qd2 exf4 13. Rxf4 Be6 14. Raf1 O-O
15. Kh1 Rac8 16. Bd4 Nd7 17. R4f3 Ne5 18. R3f2 Bh4 19. Bxe5 dxe5 20. Rf3 Be7
21. Rd1 f6 22. Nd5 Bxd5 23. Qxd5+ Kh8 24. Rc3 Qb8 25. Rxc8 Qxc8 26. Qd7 Bc5 27.
Qxc8 Rxc8 28. Rd7 Rb8 29. h3 h6 30. Bc4 b5 31. axb5 axb5 32. Bd5 1/2-1/2

[Event "7. Lichtenberger Sommer"]
[Site "Berlin"]
[Date "2008.08.20"]
[Round "5.57"]
[White "Kasper, Peter"]
[Black "Mai, Andreas"]
[Result "0-1"]
[WhiteElo "1587"]
[BlackElo "1899"]
[PlyCount "30"]
[EventDate "2008.??.??"]
[WhiteTeam "SG Eckturm"]
[BlackTeam "SC Friesen Lichtenberg e.V."]

1. e4 d6 2. d4 Nf6 3. Bd3 g6 4. f4 Bg7 5. Nf3 O-O 6. O-O Bg4 7. c3 e5 8. fxe5
dxe5 9. Qb3 exd4 10. cxd4 Bxf3 11. Rxf3 Nc6 12. d5 Nd4 13. Qxb7 Nxf3+ 14. gxf3
Qd6 15. Qb3 Qc5+ 0-1

[Event "7. Lichtenberger Sommer"]
[Site "Berlin"]
[Date "2008.08.20"]
[Round "5.59"]
[White "Newrkla, Alexander"]
[Black "Dietzel, Uwe"]
[Result "1-0"]
[WhiteElo "2055"]
[BlackElo "1532"]
[PlyCount "61"]
[EventDate "2008.??.??"]
[BlackTeam "TSV Lichtentanne SAbt"]

1. e4 Nf6 2. e5 Nd5 3. d4 d6 4. c4 Nb6 5. f4 dxe5 6. fxe5 Nc6 7. Be3 Bf5 8. Nc3
e6 9. Nf3 Be7 10. Be2 O-O 11. O-O Qd7 12. Qd2 Rad8 13. Rad1 Bg6 14. Qc1 Qc8 15.
Rd2 Rd7 16. d5 Nd8 17. Rfd1 exd5 18. cxd5 Bf5 19. Nd4 g6 20. Nxf5 gxf5 21. Qc2
f4 22. Bxf4 Bc5+ 23. Kh1 f5 24. Bh6 Rdf7 25. Bh5 Rg7 26. Bxg7 Kxg7 27. Qd3 Kh8
28. e6 Nxe6 29. dxe6 Qxe6 30. Nd5 Nxd5 31. Qxd5 1-0

[Event "7. Lichtenberger Sommer"]
[Site "Berlin"]
[Date "2008.08.20"]
[Round "5.60"]
[White "Kujawa, Werner"]
[Black "Roth, Joachim"]
[Result "1-0"]
[WhiteElo "1848"]
[BlackElo "1861"]
[PlyCount "81"]
[EventDate "2008.??.??"]
[WhiteTeam "SV Motor Wildau e.V."]
[BlackTeam "SG Bund"]

1. e4 e6 2. d4 c5 3. c3 d5 4. e5 Nc6 5. Nf3 Qb6 6. Be2 Nh6 7. b3 cxd4 8. cxd4
Nf5 9. Bb2 Bb4+ 10. Kf1 O-O 11. Nc3 Ncxd4 12. Na4 Qc7 13. Nxd4 Qxe5 14. Nxf5
Qxf5 15. Qd4 f6 16. Qxb4 e5 17. Rc1 Qd7 18. Ba3 Rf7 19. Qd6 Qxd6 20. Bxd6 Bd7
21. Rc7 Rd8 22. Ba3 Bxa4 23. Rxf7 Kxf7 24. bxa4 Rc8 25. g4 Rc2 26. Bb5 Rxa2 27.
Bc1 a6 28. Be2 Rxa4 29. Kg2 Ra2 30. Re1 b5 31. Bd1 Ke6 32. Bb3 Ra1 33. Rd1 a5
34. Bxd5+ Ke7 35. Bb3 a4 36. Bb2 Rxd1 37. Bxd1 Kd6 38. Ba3+ Kd5 39. Be2 Kc6 40.
Kf3 g6 41. Ke4 1-0

[Event "7. Lichtenberger Sommer"]
[Site "Berlin"]
[Date "2008.08.20"]
[Round "5.61"]
[White "Dvorsky, Rudolf"]
[Black "Alihodzic, Ahmo"]
[Result "0-1"]
[WhiteElo "1794"]
[BlackElo "1954"]
[PlyCount "112"]
[EventDate "2008.??.??"]
[WhiteTeam "SG Narva Berlin e.V."]

1. e4 d5 2. exd5 Qxd5 3. Nc3 Qa5 4. g3 g6 5. Bg2 Bg7 6. Nge2 Nf6 7. O-O O-O 8.
d3 c6 9. Bd2 Qc7 10. Qc1 Re8 11. Re1 b6 12. Nb5 Qd7 13. Bh6 Bh8 14. Qf4 Na6 15.
Rad1 Bb7 16. Nbc3 Nc7 17. Qh4 Ncd5 18. Nf4 Nxc3 19. bxc3 e5 20. Nh3 Nh5 21. g4
Nf6 22. f3 Nd5 23. Bd2 f6 24. c4 Nc7 25. Re2 Ne6 26. Bc3 g5 27. Qh5 Re7 28. d4
exd4 29. Bb2 Ba6 30. f4 Bxc4 31. Rf2 Nxf4 32. Nxf4 Bf7 33. Qh3 gxf4 34. Rxf4
Rae8 35. Rfxd4 Re1+ 36. Rxe1 Rxe1+ 37. Kf2 Qe7 38. Qd3 Bg7 39. Rd8+ Bf8 40. Bc3
Re6 41. Rd7 Qc5+ 42. Bd4 Qb4 43. Be4 Be7 44. Bxh7+ Kg7 45. Be4 c5 46. a3 Qa4
47. g5 cxd4 48. Rxe7 Rxe7 49. gxf6+ Kxf6 50. Qf3+ Kg7 51. Qf5 Re6 52. Qh7+ Kf8
53. Qh4 Qxa3 54. Qh8+ Ke7 55. Qh4+ Rf6+ 56. Kg2 Qe3 0-1

[Event "7. Lichtenberger Sommer"]
[Site "Berlin"]
[Date "2008.08.20"]
[Round "5.62"]
[White "Alvarez, Luis"]
[Black "Fiedler, Wolfgang"]
[Result "0-1"]
[WhiteElo "1824"]
[BlackElo "1992"]
[PlyCount "176"]
[EventDate "2008.??.??"]
[WhiteTeam "Schachclub Zug um Zug Everswinke"]
[BlackTeam "SG Narva Berlin e.V."]

1. e4 d5 2. exd5 Nf6 3. d4 Nxd5 4. c4 Nb6 5. Nc3 g6 6. Be3 Bg7 7. Rc1 O-O 8. h3
e5 9. d5 c6 10. Nf3 e4 11. Ng5 f5 12. h4 h6 13. Nh3 Qxh4 14. g3 Qd8 15. d6 Be6
16. b3 N8d7 17. Nf4 Bf7 18. c5 Ne5 19. cxb6 Nf3+ 20. Ke2 axb6 21. a4 g5 22. Nh3
Nd4+ 23. Bxd4 Bh5+ 24. Ke1 Bxd1 25. Bxg7 Kxg7 26. Rxd1 Rf6 27. Bc4 Rxd6 28. Ke2
Rxd1 29. Rxd1 Qe7 30. Ng1 Re8 31. Kf1 Qe5 32. Nce2 Re7 33. Nd4 Rd7 34. Ne6+ Kf6
35. Rxd7 b5 36. axb5 cxb5 37. Bd5 Qa1+ 38. Kg2 Ke5 39. Nc5 b6 40. Nb7 f4 41.
gxf4+ gxf4 42. Bc6 f3+ 43. Nxf3+ exf3+ 44. Bxf3 Qc3 45. Re7+ Kf6 46. Re3 Qc7
47. Rd3 Ke5 48. Rd5+ Kf4 49. Rd3 Qg7+ 50. Kf1 h5 51. Ke2 Qb2+ 52. Kf1 Qb1+ 53.
Ke2 Qc2+ 54. Rd2 Qxb3 55. Rd4+ Ke5 56. Re4+ Kf6 57. Bxh5 Qc2+ 58. Kf3 b4 59.
Be8 Qc3+ 60. Kf4 b3 61. Re3 Qxe3+ 62. fxe3 b2 63. Nd6 b1=Q 64. Ne4+ Ke7 65. Bg6
b5 66. Bf5 b4 67. Nf2 Qa2 68. Nd3 Qc4+ 69. Kf3 Kf6 70. Bh7 b3 71. Be4 Kg5 72.
Bg6 Qc2 73. Be4 b2 74. Nxb2 Qxb2 75. Bd5 Qe5 76. e4 Qf4+ 77. Ke2 Kf6 78. Kd3
Ke5 79. Kc4 Qe3 80. Kb5 Kd6 81. Kc4 Ke5 82. Kb5 Qc3 83. Kb6 Kd6 84. Kb5 Qc5+
85. Ka4 Qb6 86. Ka3 Kc5 87. Bb3 Kd4 88. Bd5 Kc3 0-1

[Event "7. Lichtenberger Sommer"]
[Site "Berlin"]
[Date "2008.08.20"]
[Round "5.63"]
[White "Hantusch, Ralf"]
[Black "Hesselbarth, Karlheinz"]
[Result "0-1"]
[WhiteElo "1805"]
[BlackElo "1857"]
[PlyCount "90"]
[EventDate "2008.??.??"]
[WhiteTeam "SV Bau-Union e.V."]
[BlackTeam "SC Zugzwang 95 e.V."]

1. c4 e6 2. Nc3 d5 3. g3 Nf6 4. Bg2 d4 5. Nb1 c5 6. d3 Nc6 7. Nf3 Be7 8. O-O
O-O 9. e3 e5 10. e4 h6 11. Ne1 a6 12. f4 b5 13. Na3 b4 14. Nac2 Rb8 15. Nf3 Bg4
16. h3 Bxf3 17. Qxf3 Rb6 18. Ne1 Nh7 19. Qh5 Bf6 20. h4 g6 21. Qe2 Bg7 22. Nf3
f6 23. Bh3 Qe8 24. Bd2 exf4 25. Bxf4 Ne5 26. Rf2 h5 27. Re1 Rf7 28. Ref1 Nxf3+
29. Qxf3 g5 30. hxg5 fxg5 31. Qxh5 Rh6 32. Qxf7+ Qxf7 33. Bxg5 Qxf2+ 34. Rxf2
Nxg5 35. Bd7 Rf6 36. Bf5 Nf7 37. g4 Bh6 38. Rg2 Bg5 39. Kf1 Ne5 40. Ke2 Rh6 41.
Rf2 Kg7 42. Bc8 Be3 43. Rg2 Ng6 44. g5 Nf4+ 45. Kf3 Rh8 0-1

[Event "7. Lichtenberger Sommer"]
[Site "Berlin"]
[Date "2008.08.20"]
[Round "5.64"]
[White "Müller, Johannes"]
[Black "Schalck, Christiano"]
[Result "1-0"]
[WhiteElo "1789"]
[BlackElo "1747"]
[PlyCount "67"]
[EventDate "2008.??.??"]
[WhiteTeam "SC Eintracht Berlin e.V."]
[BlackTeam "SC Schwarz-Weiß Lichtenrade e.V."]

1. e4 e5 2. Nc3 Nf6 3. g3 d5 4. Bg2 d4 5. Nce2 Be7 6. d3 c5 7. f4 Nc6 8. f5 b6
9. Nf3 Qc7 10. O-O Ba6 11. b3 Rc8 12. h3 b5 13. g4 Bd6 14. Ng3 c4 15. g5 Nd7
16. Nh5 Rg8 17. Nh4 cxd3 18. cxd3 Nb4 19. g6 hxg6 20. fxg6 f6 21. Qg4 Nc5 22.
Ba3 Nbxd3 23. Bxc5 Nxc5 24. b4 Nd7 25. Qe6+ Kd8 26. Qxg8+ Bf8 27. Nf5 Qc3 28.
Nhxg7 Qxb4 29. Ne6+ Ke8 30. g7 Rc2 31. Nxf8 Qd2 32. Ne6+ Nf8 33. gxf8=Q+ Kd7
34. Qd6# 1-0

[Event "7. Lichtenberger Sommer"]
[Site "Berlin"]
[Date "2008.08.20"]
[Round "5.65"]
[White "Schlittermann, Wolfgang"]
[Black "Schönemann, Manfred"]
[Result "1-0"]
[WhiteElo "1626"]
[BlackElo "1807"]
[PlyCount "97"]
[EventDate "2008.??.??"]
[WhiteTeam "SK Gillette"]
[BlackTeam "SV Turbine Berlin e.V."]

1. Nf3 Nf6 2. c4 e6 3. d4 c5 4. d5 exd5 5. cxd5 d6 6. Nc3 a6 7. e4 b5 8. Bg5 h6
9. Bh4 Be7 10. Bd3 b4 11. Na4 Nxd5 12. exd5 Bxh4 13. Nxh4 Qxh4 14. Nb6 Qe7+ 15.
Qe2 Qxe2+ 16. Bxe2 Bb7 17. Nxa8 Bxa8 18. O-O Nd7 19. Bxa6 Bxd5 20. Bb5 Kd8 21.
Rad1 Nf6 22. a4 bxa3 23. bxa3 Kc7 24. Rfe1 Bb3 25. Rc1 Kb6 26. a4 Ka5 27. Re3
Kb4 28. Rb1 c4 29. Bxc4 Kxc4 30. Rexb3 Ra8 31. Rb4+ Kc5 32. Rb5+ Kc6 33. Rc1+
Kd7 34. a5 Ra7 35. Rcb1 Kc7 36. Rc1+ Kd7 37. f3 d5 38. h4 Kd6 39. Rb6+ Ke5 40.
a6 Kd4 41. Kf2 Kd3 42. Ra1 Rc7 43. a7 Rc2+ 44. Kg1 Nh5 45. a8=Q Nf4 46. Qa6+
Kd2 47. Qf1 Ne2+ 48. Kf2 Nc3 49. Rb4 1-0

[Event "7. Lichtenberger Sommer"]
[Site "Berlin"]
[Date "2008.08.20"]
[Round "5.66"]
[White "Schmalzried, Volker"]
[Black "Dauer, Carolin"]
[Result "1/2-1/2"]
[WhiteElo "1758"]
[BlackElo "1594"]
[PlyCount "42"]
[EventDate "2008.??.??"]
[WhiteTeam "Umweltbundesamt"]
[BlackTeam "Spgem Kötz/Ichenhausen"]

1. c4 c6 2. d4 d5 3. cxd5 cxd5 4. Nc3 e6 5. Nf3 Bd6 6. g3 Nc6 7. Bg2 Nge7 8.
O-O O-O 9. Nb5 Bb8 10. b3 a6 11. Nc3 Nf5 12. Bb2 Bd7 13. e4 Nfe7 14. exd5 Nxd5
15. Nxd5 exd5 16. Re1 Be6 17. Qd2 h6 18. Rac1 Bd6 19. Ne5 Rc8 20. Nd3 b6 21.
Rc2 Qd7 1/2-1/2

[Event "7. Lichtenberger Sommer"]
[Site "Berlin"]
[Date "2008.08.20"]
[Round "5.67"]
[White "Boeck, Rüdiger"]
[Black "Wendland, Frank"]
[Result "1/2-1/2"]
[WhiteElo "1605"]
[BlackElo "1736"]
[PlyCount "42"]
[EventDate "2008.??.??"]
[WhiteTeam "SC Weisse Dame Ulm e.V."]
[BlackTeam "Treptower SV 1949 e.V."]

1. e4 e5 2. Nf3 Nc6 3. Bc4 Nf6 4. Nc3 Nxe4 5. Bxf7+ Kxf7 6. Nxe4 d5 7. Ng3 Bc5
8. d3 Rf8 9. Be3 Bxe3 10. fxe3 Kg8 11. O-O Qe7 12. e4 d4 13. Qe2 Bg4 14. h3
Bxf3 15. Rxf3 Rxf3 16. Qxf3 Rf8 17. Qe2 Qc5 18. a3 Ne7 19. Qg4 Qc6 20. Qg5 Qf6
21. Qxf6 Rxf6 1/2-1/2

[Event "7. Lichtenberger Sommer"]
[Site "Berlin"]
[Date "2008.08.20"]
[Round "5.68"]
[White "Winter, Jürgen"]
[Black "Vollbrecht, Lars"]
[Result "0-1"]
[WhiteElo "1416"]
[BlackElo "1709"]
[PlyCount "106"]
[EventDate "2008.??.??"]
[WhiteTeam "SC Rochade Müncheberg"]
[BlackTeam "SF Siemensstadt"]

1. e4 e5 2. Nf3 d6 3. c3 Nf6 4. d3 Be7 5. Nbd2 O-O 6. d4 exd4 7. cxd4 c6 8. Bd3
Bg4 9. h3 Bh5 10. Be2 Nbd7 11. O-O Qb6 12. Nc4 Qc7 13. Qd3 Bg6 14. Ncd2 d5 15.
Qe3 Nxe4 16. Nxe4 Bxe4 17. Nd2 Nf6 18. Nxe4 Nxe4 19. Bd3 f5 20. f4 Rae8 21.
Bxe4 dxe4 22. Qb3+ Kh8 23. Be3 Bf6 24. Rac1 Qf7 25. Qc4 Qxc4 26. Rxc4 Rd8 27.
Rd1 Rd5 28. b4 Rfd8 29. a4 h6 30. Rd2 R8d6 31. Kf2 g5 32. g3 Kh7 33. Ke2 Rd7
34. Bf2 gxf4 35. gxf4 Rg7 36. Ke3 Rg2 37. Rc5 Rh2 38. Rxd5 Rxh3+ 39. Ke2 cxd5
40. Rc2 Rh2 41. Ke3 Rh3+ 42. Ke2 Rd3 43. Rc7+ Kg6 44. Rxb7 Bxd4 45. Bxd4 Rxd4
46. Rb5 a6 47. Rb6+ Kh5 48. a5 Rc4 49. b5 Rc5 50. bxa6 Rxa5 51. Rd6 d4 52. Rxd4
Rxa6 53. Rd5 Kg4 0-1

[Event "7. Lichtenberger Sommer"]
[Site "Berlin"]
[Date "2008.08.20"]
[Round "5.69"]
[White "Winz, Michael"]
[Black "Lerch, Philipp"]
[Result "0-1"]
[WhiteElo "1711"]
[BlackElo "1819"]
[PlyCount "108"]
[EventDate "2008.??.??"]
[WhiteTeam "SC Friesen Lichtenberg e.V."]
[BlackTeam "TuS Makkabi Berlin e.V."]

1. d4 Nf6 2. Nf3 g6 3. c4 Bg7 4. Nc3 O-O 5. e4 d6 6. Be2 e5 7. d5 Na6 8. O-O
Nc5 9. Qc2 Ne8 10. b4 Nd7 11. Be3 f5 12. exf5 gxf5 13. Ng5 Ndf6 14. f4 e4 15.
Rac1 h6 16. Nh3 Kh7 17. Qd1 Rg8 18. Bh5 Qe7 19. Kh1 Bd7 20. Rg1 a6 21. Be2 Qf7
22. Nf2 Bh8 23. g4 Nxg4 24. Nxg4 Bxc3 25. Rxc3 fxg4 26. Bxg4 Bxg4 27. Rxg4 Nf6
28. Rxg8 Rxg8 29. Rc2 Ng4 30. Re2 Nxe3 31. Rxe3 Qxf4 32. Qe1 Rg4 33. Rg3 Rxg3
34. hxg3 Qf3+ 35. Kh2 Kg6 36. Qd2 h5 37. Qc2 Qd3 38. Qa4 Qe2+ 39. Kg1 Qxc4 40.
Qd7 Qxd5 41. Qxc7 e3 42. Qe7 Qd1+ 43. Kg2 Qe2+ 44. Kh3 Qf1+ 45. Kh2 Qf2+ 46.
Kh3 Kf5 47. Qxd6 Ke4 48. Qe6+ Kd3 49. Qd5+ Ke2 50. Qxh5+ Qf3 51. Qc5 Kf2 52.
Qc2+ e2 53. Qc5+ Kf1 54. Qc4 Qh5+ 0-1

[Event "7. Lichtenberger Sommer"]
[Site "Berlin"]
[Date "2008.08.20"]
[Round "5.70"]
[White "Rührmund, Daniel"]
[Black "Moritz, Aron"]
[Result "1-0"]
[WhiteElo "1823"]
[BlackElo "1967"]
[PlyCount "155"]
[EventDate "2008.??.??"]
[WhiteTeam "SC Einheit Bautzen"]
[BlackTeam "SV Empor Berlin e.V."]

1. e4 c5 2. Nf3 d6 3. d4 cxd4 4. Nxd4 Nf6 5. Nc3 Bd7 6. f3 e5 7. Nb3 Be7 8. Be3
O-O 9. Qd2 a5 10. a4 Be6 11. Bd3 Na6 12. Bxa6 Rxa6 13. O-O Qc7 14. Rfd1 Rd8 15.
Qf2 Qc6 16. Kh1 h6 17. Rd2 d5 18. exd5 Nxd5 19. Nxd5 Rxd5 20. Rxd5 Qxd5 21. Bc5
Bxc5 22. Nxc5 Rc6 23. Nxe6 Rxe6 24. Qe2 Rd6 25. h3 f6 26. b3 Qd4 27. Rg1 Qd2
28. Qc4+ Qd5 29. Qc8+ Kf7 30. Qc7+ Kg6 31. c4 Qc6 32. Qxa5 Qb6 33. Qb5 Qxb5 34.
cxb5 Rd3 35. Rb1 Kg5 36. b4 f5 37. a5 e4 38. fxe4 fxe4 39. a6 b6 40. Ra1 Rd8
41. a7 Ra8 42. Kg1 Kf4 43. Ra3 g5 44. Kf2 Ke5 45. Ke3 Kd5 46. g3 Ke5 47. Ra2
Kd5 48. Rd2+ Kc4 49. Rd6 Kxb5 50. Kxe4 Rxa7 51. Rxh6 Rb7 52. Rg6 Kxb4 53. Rxg5
Kc4 54. Ke3 Kc3 55. Rb5 Kc4 56. Rb1 b5 57. Kd2 Rd7+ 58. Kc2 Rd3 59. Rg1 b4 60.
Rg2 Ra3 61. Kb1 Rb3+ 62. Kc2 Rc3+ 63. Kb1 Rb3+ 64. Kc1 Ra3 65. h4 b3 66. Kb1
Ra5 67. g4 Rd5 68. g5 Kc3 69. Rg3+ Kb4 70. g6 Ka3 71. Rg1 Rd2 72. g7 Rb2+ 73.
Kc1 Rc2+ 74. Kd1 Ra2 75. g8=Q Ra1+ 76. Kd2 Rxg1 77. Qxg1 Ka2 78. Kc3 1-0

[Event "7. Lichtenberger Sommer"]
[Site "Berlin"]
[Date "2008.08.20"]
[Round "5.71"]
[White "Rozov, Boris"]
[Black "Glöß, Henrik"]
[Result "1-0"]
[WhiteElo "2155"]
[BlackElo "1419"]
[PlyCount "61"]
[EventDate "2008.??.??"]
[WhiteTeam "SV Dresden-Leuben"]
[BlackTeam "Sfr.Nord-Ost Berlin"]

1. d4 Nf6 2. Nc3 d5 3. Bg5 Nbd7 4. Nf3 h6 5. Bh4 g5 6. Bg3 a6 7. Qd3 Bg7 8. Nd2
Nh5 9. e4 Nxg3 10. hxg3 dxe4 11. Ndxe4 Nf6 12. O-O-O Be6 13. Nc5 Bc8 14. Be2
Nd5 15. Kb1 e6 16. Nxd5 Qxd5 17. f4 c6 18. Bf3 Qd6 19. Ne4 Qd7 20. fxg5 hxg5
21. Rxh8+ Bxh8 22. Qe3 Qe7 23. Rh1 Bg7 24. Nxg5 Bd7 25. Rh7 Qf8 26. Qf4 f5 27.
Bxc6 Bxc6 28. Nxe6 Qe7 29. Nxg7+ Kd8 30. Ne6+ Qxe6 31. Qc7+ 1-0

[Event "7. Lichtenberger Sommer"]
[Site "Berlin"]
[Date "2008.08.20"]
[Round "5.72"]
[White "Sabrowski, Uwe"]
[Black "Mako, Atila"]
[Result "1-0"]
[WhiteElo "2142"]
[BlackElo "1794"]
[PlyCount "91"]
[EventDate "2008.??.??"]
[WhiteTeam "TSG Oberschöneweide e.V."]
[BlackTeam "BSC Rehberge 1945 e.V."]

1. d4 d5 2. c4 e6 3. cxd5 exd5 4. Nc3 c6 5. Qc2 Nf6 6. Bg5 Be7 7. e3 Be6 8. Bd3
Nbd7 9. Nge2 Bd6 10. O-O Qc7 11. f4 Bg4 12. Ng3 h6 13. Bxf6 Nxf6 14. Nf5 Bxf5
15. Bxf5 O-O 16. Rf3 Rae8 17. g4 Kh8 18. g5 Ng8 19. Rc1 a6 20. Nxd5 Qd8 21.
gxh6 Nxh6 22. Nc3 Qf6 23. Bd3 Re6 24. Ne4 Qh4 25. Ng5 Re7 26. Be2 f5 27. Rh3
Qxh3 28. Nxh3 Rxe3 29. Kg2 Rfe8 30. Bf3 R3e6 31. Qf2 Rg6+ 32. Kh1 Ng4 33. Bxg4
Rxg4 34. Rg1 Re4 35. Rxg4 fxg4 36. Ng5 Rxf4 37. Qh4+ Kg8 38. Qh7+ Kf8 39. Qh8+
Ke7 40. Qxg7+ Ke8 41. Qg6+ Kd7 42. Kg2 Be7 43. Qe6+ Kd8 44. Nf7+ Ke8 45. Nd6+
Kf8 46. Qh6+ 1-0

[Event "7. Lichtenberger Sommer"]
[Site "Berlin"]
[Date "2008.08.20"]
[Round "5.73"]
[White "Mühlhan, Klaus"]
[Black "Fischer, Anke"]
[Result "1-0"]
[WhiteElo "2006"]
[BlackElo "1835"]
[PlyCount "95"]
[EventDate "2008.??.??"]
[WhiteTeam "SC Empor Potsdam 1952 e.V."]
[BlackTeam "SG Lasker Steglitz-Wilmersdorf"]

1. e4 c5 2. d4 cxd4 3. c3 dxc3 4. Nxc3 Nc6 5. Nf3 d6 6. Bc4 e6 7. O-O Nf6 8.
Qe2 a6 9. Rd1 Qc7 10. Bf4 Be7 11. Rac1 O-O 12. Bb3 Bd7 13. Nd5 exd5 14. exd5
Nxd5 15. Bxd5 Rfe8 16. Qc4 Rf8 17. Bg5 Be8 18. Qf4 Bxg5 19. Nxg5 h6 20. Ne4 Rd8
21. Rd3 Qe7 22. Rg3 Kh8 23. Re3 Qe5 24. Qxe5 dxe5 25. Bb3 f6 26. Nc5 Rb8 27. h4
Nd4 28. Bd5 Bb5 29. Ne6 Nxe6 30. Bxe6 Bc6 31. g4 Rbd8 32. g5 Bd5 33. Bxd5 Rxd5
34. Rc7 hxg5 35. hxg5 Rb5 36. g6 e4 37. Rg3 Rg5 38. Rxg5 fxg5 39. Rxb7 Ra8 40.
b4 Kg8 41. a4 Kf8 42. Rf7+ Kg8 43. Re7 Kf8 44. Rxe4 Rb8 45. a5 Rb5 46. Kg2 Rf5
47. Re6 Rb5 48. Rb6 1-0

[Event "7. Lichtenberger Sommer"]
[Site "Berlin"]
[Date "2008.08.20"]
[Round "5.74"]
[White "Würsig, Mathias"]
[Black "Körner, Helmut"]
[Result "0-1"]
[WhiteElo "1487"]
[BlackElo "1981"]
[PlyCount "66"]
[EventDate "2008.??.??"]
[WhiteTeam "SV Blau-Gelb 1899 Hosena e.V."]
[BlackTeam "Sfr.Nord-Ost Berlin"]

1. e4 d5 2. exd5 Nf6 3. Nf3 Nxd5 4. Bc4 Bf5 5. Ne5 e6 6. Qf3 Qf6 7. Nd3 Nc6 8.
O-O Nd4 9. Qd1 Bd6 10. Bxd5 exd5 11. Nc3 O-O-O 12. Nxd5 Bxh2+ 13. Kxh2 Rxd5 14.
c4 Qh6+ 15. Kg1 Bxd3 16. Qg4+ Kb8 17. Re1 Rh5 18. f3 Rh1+ 19. Kf2 Rxe1 20. Kxe1
Nc2+ 21. Kf2 Nxa1 22. b3 Qb6+ 23. Kg3 Qd6+ 24. Kf2 Qe5 25. Ba3 Re8 26. Kg1 Nc2
27. Kh1 Nxa3 28. c5 Qxc5 29. Qa4 Re1+ 30. Kh2 Qd6+ 31. f4 g5 32. g3 g4 33. b4
Qh6+ 0-1

[Event "7. Lichtenberger Sommer"]
[Site "Berlin"]
[Date "2008.08.20"]
[Round "5.75"]
[White "Wege, Hermann"]
[Black "Richter, Dirk"]
[Result "1-0"]
[WhiteElo "1980"]
[BlackElo "1486"]
[PlyCount "39"]
[EventDate "2008.??.??"]
[WhiteTeam "Schachclub Rathenow e.V."]
[BlackTeam "SG Lok Brandenburg, Abt. Schach"]

1. Nf3 d5 2. c4 c6 3. e3 Bg4 4. cxd5 cxd5 5. Qa4+ Bd7 6. Qb3 Bc6 7. d4 Nd7 8.
Nc3 e6 9. Bd3 f5 10. Bd2 Ngf6 11. Ng5 Qe7 12. f3 h6 13. Nh3 Nh5 14. O-O g5 15.
e4 fxe4 16. fxe4 Bg7 17. e5 O-O-O 18. Nb5 Kb8 19. Bb4 Qe8 20. Bd6+ 1-0

[Event "7. Lichtenberger Sommer"]
[Site "Berlin"]
[Date "2008.08.20"]
[Round "5.76"]
[White "Scenev, Vitalij"]
[Black "Schweitzer, Paul"]
[Result "0-1"]
[WhiteElo "1452"]
[BlackElo "1829"]
[PlyCount "66"]
[EventDate "2008.??.??"]
[WhiteTeam "SV Berolina Mitte e.V."]
[BlackTeam "SV Königsjäger Süd-West e.V."]

1. e4 d6 2. d4 c6 3. Nc3 e6 4. Nf3 Be7 5. Be3 Nd7 6. Bd3 Ngf6 7. h3 a6 8. a4
Qc7 9. Qd2 e5 10. dxe5 Nxe5 11. Nxe5 dxe5 12. a5 Be6 13. Bb6 Qc8 14. Na4 Nd7
15. Qe3 O-O 16. Rd1 h6 17. Qe2 Bb4+ 18. c3 Be7 19. g4 Bb3 20. Bc2 Bxa4 21. Bxa4
Nxb6 22. axb6 Bc5 23. g5 hxg5 24. Qh5 Qe6 25. Qxg5 Bxb6 26. Rg1 Qg6 27. Qxg6
fxg6 28. Bb3+ Kh7 29. Rg4 Bxf2+ 30. Ke2 g5 31. Rxg5 Kh6 32. Rxe5 Bg3 33. Rd6+
g6 0-1

[Event "7. Lichtenberger Sommer"]
[Site "Berlin"]
[Date "2008.08.20"]
[Round "5.77"]
[White "Bergmann, Jens"]
[Black "Wolfram, Mike"]
[Result "1-0"]
[WhiteElo "1625"]
[BlackElo "1434"]
[PlyCount "47"]
[EventDate "2008.??.??"]
[WhiteTeam "SK Tempelhof 1931 e.V."]
[BlackTeam "vereinslos"]

1. e4 e5 2. d4 exd4 3. Qxd4 Nc6 4. Qe3 d6 5. Bd2 Nf6 6. Nc3 Ng4 7. Qg3 Be7 8.
h4 O-O 9. O-O-O Bf6 10. Be2 Be5 11. f4 Bxc3 12. Bxc3 h5 13. f5 Nce5 14. Nf3 Qf6
15. Nxe5 Nxe5 16. Bxh5 Qh6+ 17. Qg5 Qxg5+ 18. hxg5 g6 19. Bxe5 dxe5 20. Bg4
gxf5 21. exf5 f6 22. g6 Re8 23. Rh7 e4 24. Rdh1 1-0

[Event "7. Lichtenberger Sommer"]
[Site "Berlin"]
[Date "2008.08.20"]
[Round "5.78"]
[White "Nekrasova, Kateryna"]
[Black "Mahler, Sonja"]
[Result "1-0"]
[WhiteElo "1788"]
[BlackElo "1496"]
[PlyCount "85"]
[EventDate "2008.??.??"]
[WhiteTeam "SV Empor Berlin e.V."]
[BlackTeam "SC Kreuzberg e.V."]

1. e4 e5 2. Nf3 Nc6 3. Bb5 Nge7 4. d4 exd4 5. Nxd4 Ne5 6. f4 N5g6 7. O-O c6 8.
Be2 Qb6 9. Kh1 d5 10. Nc3 dxe4 11. Nxe4 c5 12. Bb5+ Nc6 13. Bxc6+ bxc6 14. Nf3
Be7 15. b3 O-O 16. Be3 Bf5 17. Ng3 Rad8 18. Qe2 Bg4 19. h3 Bc8 20. Qf2 Rfe8 21.
Rae1 Bd6 22. Ng5 f5 23. Ne2 Ba6 24. c4 Qb4 25. g3 Bc8 26. Qf3 h6 27. h4 hxg5
28. hxg5 Re4 29. Rd1 Kf7 30. Kg2 Rde8 31. Rd3 Qb8 32. Nc3 R4e7 33. Kf2 Rh8 34.
Kg2 Rhe8 35. Kf2 Rh8 36. Qxc6 Rh2+ 37. Kg1 Rh1+ 38. Qxh1 Re8 39. Qd5+ Ke7 40.
Bxc5 Bxc5+ 41. Qxc5+ Kf7 42. Nb5 Re7 43. Nd6+ 1-0